| 000 | 01146cam a2200349Ii 4500 | ||
|---|---|---|---|
| 001 | 48921 | ||
| 005 | 20230411085959.0 | ||
| 008 | 010608s1984 sp b 000 0 spa d | ||
| 035 | _a(OCoLC)ocm47095902 | ||
| 040 |
_aXRW _bspa _cXRW _dOCLCQ |
||
| 020 | _a8420616826 | ||
| 020 | _a9788420616827 | ||
| 035 | _a(OCoLC)47095902 | ||
| 041 | 1 |
_aspa _heng |
|
| 090 |
_aBF637.P4 _bB877t1978 |
||
| 049 | _aGRAL | ||
| 100 | 1 |
_aBrown, J. A. C. _q(James Alexander Campbell), _d1911-1964. |
|
| 245 | 1 | 0 |
_aTécnicas de persuasión : _bde la propaganda al lavado de cerebro / _cJ.A.C. Brown ; [traducción. Rafael Mzarras]. |
| 260 |
_aMadrid : _bAlianza, _c1978. |
||
| 300 |
_a303 p. ; _c19 cm. |
||
| 440 | 3 |
_aEl libro de bolsillo. _pHumanidades ; _v682 |
|
| 500 | _aTraducción de: Techiniques of Persuasion-From Propaganda to Brain-washing. | ||
| 504 | _aIncluye referencias bibliográficas e índice. | ||
| 650 | 4 | _aPersuasión (Psicología) | |
| 650 | 4 | _aPropaganda. | |
| 650 | 4 | _aLavado de cerebro. | |
| 650 | 4 | _aOpinión pública. | |
| 700 | 1 |
_aMazarrasa, Rafael, _etr. |
|
| 942 |
_2lcc _cbk |
||
| 946 | _aclperez | ||
| 994 |
_aC0 _bDRFGD |
||
| 999 |
_c110397 _d110397 |
||